Social movements and organization theory / (Record no. 10112)

MARC details
000 -LEADER
fixed length control field 01718cam a22003854a 4500
090 ## - LOCALLY ASSIGNED LC-TYPE CALL NUMBER (OCLC); LOCAL CALL NUMBER (OCLC)
-- 10112
001 - CONTROL NUMBER
control field 13659744
005 - DATE AND TIME OF LATEST TRANSACTION
control field 20070725081141.0
008 - FIXED-LENGTH DATA ELEMENTS--GENERAL INFORMATION
fixed length control field 040720s2005 nyua b 001 0 eng
010 ## - LIBRARY OF CONGRESS CONTROL NUMBER
LC control number 2004051186
020 ## - INTERNATIONAL STANDARD BOOK NUMBER
International Standard Book Number 9780521839495 (alk. paper)
020 ## - INTERNATIONAL STANDARD BOOK NUMBER
International Standard Book Number 0521839491 (alk. paper)
020 ## - INTERNATIONAL STANDARD BOOK NUMBER
International Standard Book Number 9780521548366 (pbk. : alk. paper)
020 ## - INTERNATIONAL STANDARD BOOK NUMBER
International Standard Book Number 0521548365 (pbk. : alk. paper)
040 ## - CATALOGING SOURCE
Original cataloging agency DLC
Transcribing agency DLC
Modifying agency DLC
042 ## - AUTHENTICATION CODE
Authentication code pcc
050 00 - LIBRARY OF CONGRESS CALL NUMBER
Classification number HM881
Item number .S6293 2005
082 00 - DEWEY DECIMAL CLASSIFICATION NUMBER
Classification number 303.484
Edition number 22
Item number SOC
245 00 - TITLE STATEMENT
Title Social movements and organization theory /
Statement of responsibility, etc edited by Gerald F. Davis ... [et al.].
260 ## - PUBLICATION, DISTRIBUTION, ETC. (IMPRINT)
Place of publication, distribution, etc New York, N.Y. :
Name of publisher, distributor, etc Cambridge University Press,
Date of publication, distribution, etc c.2005.
300 ## - PHYSICAL DESCRIPTION
Extent xviii, 434 p. :
Other physical details ill. ;
Dimensions 24 cm.
440 #0 -
-- Cambridge studies in contentious politics
504 ## - BIBLIOGRAPHY, ETC. NOTE
Bibliography, etc Includes bibliographical references (p. 367-416) and index.
650 #0 - SUBJECT ADDED ENTRY--TOPICAL TERM
Topical term or geographic name as entry element Social movements.
650 #0 - SUBJECT ADDED ENTRY--TOPICAL TERM
Topical term or geographic name as entry element Political sociology.
650 #0 - SUBJECT ADDED ENTRY--TOPICAL TERM
Topical term or geographic name as entry element Organization
General subdivision Research.
700 1# - ADDED ENTRY--PERSONAL NAME
Personal name Davis, Gerald F.
Fuller form of name (Gerald Fredrick),
Dates associated with a name 1961-
856 41 - ELECTRONIC LOCATION AND ACCESS
Materials specified Table of contents only
Uniform Resource Identifier <a href="http://www.loc.gov/catdir/toc/fy0601/2004051186.html">http://www.loc.gov/catdir/toc/fy0601/2004051186.html</a>
856 42 - ELECTRONIC LOCATION AND ACCESS
Materials specified Publisher description
Uniform Resource Identifier <a href="http://www.loc.gov/catdir/enhancements/fy0632/2004051186-d.html">http://www.loc.gov/catdir/enhancements/fy0632/2004051186-d.html</a>
856 42 - ELECTRONIC LOCATION AND ACCESS
Materials specified Contributor biographical information
Uniform Resource Identifier <a href="http://www.loc.gov/catdir/enhancements/fy0733/2004051186-b.html">http://www.loc.gov/catdir/enhancements/fy0733/2004051186-b.html</a>
906 ## - LOCAL DATA ELEMENT F, LDF (RLIN)
a 7
b rip
c orignew
d 1
e ocip
f 20
g y-gencatlg
942 ## - ADDED ENTRY ELEMENTS (KOHA)
Source of classification or shelving scheme Dewey Decimal Classification
Item type
Holdings
Withdrawn status Item status Source of classification or shelving scheme Damaged status Not for loan Home library Current library Shelving location Date acquired Source of acquisition Total Checkouts Full call number Barcode Date last seen Date last borrowed Koha item type
    Dewey Decimal Classification     Central Library Central Library First floor 13/08/2008 Purchase 1 303.484 SOC 000013770 15/07/2025 22/07/2012 NB - Book (Non borrowing)